Deer – Sudden Death - Statistics

General Stats
  • This quiz has been taken 81 times
  • The average score is 4 of 14
Answers on the Grid
Answers color-coded by a green-red scale on the quiz's grid according to % correct below.
Muntjacs
Rusas
Sambars
Elk
Thamins
Barasingha
Chital
Caribou
Brockets
Pudus
Tarucas
Moose
Roe
Hog Deer
Mouse Deer
Tapaculos
Motmots
Hoopoes
Pronghorns
Bison
Gazelle
Guenons
Ptarmigans
Wildebeest
Oryxes
Bichirs
Onagers
Kudus
Chamois
Argalis
Nilgais
Hirolas
 
Answer Stats
Answer % Correct
Elk
65%
Moose
57%
Roe
51%
Caribou
49%
Hog Deer
30%
Sambars
22%
Muntjacs
19%
Pudus
19%
Rusas
19%
Barasingha
14%
Chital
14%
Tarucas
8%
Brockets
5%
Thamins
5%
No matching quizzes found
Score Distribution
Percent of People with Each Score
Percentile by Number Answered
Your Score History
You have not taken this quiz